[Event "FSIMB Sept"]
[Site "Budapest HUN"]
[Date "2002.09.14"]
[Round "8"]
[White "Schneider,At"]
[Black "Gonda,L"]
[Result "1-0"]
[WhiteElo "2337"]
[BlackElo "2309"]

1.Nf3 d5 2.c4 c6 3.d4 Nf6 4.Qc2 dxc4 5.Qxc4 Bf5 6.Nbd2 Nbd7 7.g3 e6 8.Bg2 Be7
9.O-O O-O 10.b3 Nb6 11.Qc3 Ne4 12.Nxe4 Bxe4 13.Bb2 Nd5 14.Qd2 Rc8 15.Rac1 Bb4
16.Qd1 Qe7 17.Ne5 Bxg2 18.Kxg2 Ba3 19.Bxa3 Qxa3 20.e4 Nb6 21.Rc2 Rfd8 22.Qh5 Qe7
23.Nf3 Nd7 24.Rfc1 Nf6 25.Qh4 Rc7 26.b4 Ne8 27.b5 Qxh4 28.gxh4 Nd6 29.bxc6 Nxe4
30.cxb7 Rxb7 31.Rc8 Rb8 32.Rxd8+ Rxd8 33.Rc7 Ra8 34.Ng5 Nd6 35.Rd7 Nf5 36.h5 Nh6
37.h3 g6 38.hxg6 hxg6 39.a4 a5 40.Kf3 Kf8 41.Ke4 Ke8 42.Rb7 Nf5 43.Ke5 Rd8
44.Nxf7 Rxd4 45.Kxe6 Re4+ 46.Ne5 Kd8 47.Ra7 Rxa4 48.Nc6+ Kc8 49.Rxa5 Rf4
50.Ra2 Rf3 51.Rc2 Rxh3 52.Ne5+ Kb7 53.Kf6 Nd4 54.Rc4 Nf3  1-0

[Event "TCh-CRO"]
[Site "Medulin CRO"]
[Date "2002.09.16"]
[Round "8"]
[White "Mohr,G"]
[Black "Rezan,S"]
[Result "1-0"]
[WhiteElo "2523"]
[BlackElo "2414"]

1.Nf3 d5 2.c4 e6 3.g3 Be7 4.Bg2 Nf6 5.O-O O-O 6.b3 b6 7.e3 Bb7 8.Nc3 Nbd7
9.Bb2 dxc4 10.bxc4 Nc5 11.d4 Nce4 12.Nxe4 Bxe4 13.Ne5 Bxg2 14.Kxg2 c5 15.Qf3 Rc8
16.Rfd1 Qc7 17.d5 Bd6 18.Nd3 e5 19.e4 Qe7 20.a4 a5 21.Qe2 Rce8 22.Bc3 Nd7
23.g4 g6 24.Kh1 h6 25.Rg1 Kh7 26.Rg3 f6 27.Bd2 Kg7 28.Rb1 Rb8 29.Ne1 Rh8
30.Ng2 Rh7 31.h4 Kh8 32.h5 gxh5 33.gxh5 f5 34.exf5 Rf8 35.Rg1 Rxf5 36.Qg4 Rg5
37.Bxg5 hxg5 38.Ne3 Qf7 39.Rh3 Nf6 40.Qf5 Rxh5 41.Qxf6+  1-0

[Event "VI Pablo Gorbea Mem"]
[Site "Madrid ESP"]
[Date "2002.09.19"]
[Round "4"]
[White "Peralta,F"]
[Black "Palacios Perez,M"]
[Result "1-0"]
[WhiteElo "2478"]
[BlackElo "2192"]

1.Nf3 d5 2.c4 c6 3.e3 Nf6 4.Nc3 Bg4 5.cxd5 Bxf3 6.Qxf3 cxd5 7.Bb5+ Nc6 8.Bxc6+ bxc6
9.b3 e6 10.Bb2 Bd6 11.O-O O-O 12.Rac1 Rc8 13.Na4 Qe7 14.Rc2 c5 15.Rfc1 Rc7
16.d3 Rfc8 17.e4 d4 18.Qe2 Nd7 19.Rf1 e5 20.Bc1 Nb6 21.Nb2 a5 22.Nc4 Nxc4
23.Rxc4 Ra8 24.Ra4 Rb7 25.Bd2 Qd7 26.Rxa5 Rxa5 27.Bxa5 Ra7 28.Be1 Ra3 29.f3 Qa7
30.Rf2 Be7 31.Qc2 Bh4 32.g3 Bg5 33.Re2 Be3+ 34.Bf2 Bg5 35.Qc4 Rxa2 36.Rxa2 Qxa2
37.Qxc5 h6 38.f4 exf4 39.gxf4 Bf6 40.e5 Qb1+ 41.Kg2 Qxd3 42.Qxd4 Qg6+ 43.Bg3 Qc2+
44.Qf2 Qe4+ 45.Qf3 Qc2+ 46.Qf2 Qe4+ 47.Qf3 Qc2+ 48.Kh3 Be7 49.f5 Qc8  1-0

[Event "ECC"]
[Site "Halkidiki GRE"]
[Date "2002.09.22"]
[Round "1"]
[White "Zlotnik,B"]
[Black "Tregubov,P"]
[Result "0-1"]
[WhiteElo "2423"]
[BlackElo "2599"]

1.Nf3 d5 2.c4 e6 3.d4 c6 4.Qc2 dxc4 5.Qxc4 Nf6 6.g3 b5 7.Qc2 Bb7 8.Bg2 Nbd7
9.O-O c5 10.Bg5 Rc8 11.dxc5 Bxc5 12.Qb3 a6 13.Nfd2 Bxg2 14.Kxg2 Be7 15.Bxf6 Nxf6
16.a4 b4 17.Rd1 Qc7 18.Nf3 O-O 19.Nbd2 g6 20.Rac1 Qxc1 21.Rxc1 Rxc1 22.Qd3 Ra8
23.Nd4 Rc7 24.N2f3 Bf8 25.Qb3 Re8 26.Qd3 Ra8 27.Qb3 Re8 28.Qd3 e5 29.Qxa6 exd4
30.Qxf6 Rxe2 31.a5 Rxb2 32.Nxd4 Ra2 33.Qb6 Rd7 34.Nb3 Ra3 35.Qb5 Rc7 36.Qb6 Rd7
37.Qb5 Rc7 38.Qb6 Rc8 39.Nd4 Ra2 40.Ne6 b3 41.Nxf8 Rxf8 42.Qxb3 Rxa5 43.g4 h5
44.h3 hxg4 45.hxg4 Re8 46.Kg3 Rae5 47.Qb6 Rd5 48.Qb7 Rd3+ 49.Kg2 Red8 50.Qe7 Rc8
51.Qe4 Rd2 52.Kg3 Rc3+ 53.f3 Rdd3 54.g5 Rd8 55.Qe5 Rcd3 56.Qe7 R8d5 57.Kg4 R3d4+  0-1

[Event "ECC"]
[Site "Halkidiki GRE"]
[Date "2002.09.25"]
[Round "4"]
[White "Porrasmaa,T"]
[Black "Buckley,D"]
[Result "1-0"]
[WhiteElo "2216"]
[BlackElo "2190"]

1.Nf3 d5 2.c4 c6 3.e3 Nf6 4.d4 Bf5 5.Nc3 e6 6.Nh4 Bg4 7.Qb3 Qb6 8.h3 Bh5
9.g4 Bg6 10.Nxg6 hxg6 11.f3 Nbd7 12.Bd2 Be7 13.O-O-O O-O-O 14.Qa4 dxc4 15.Bxc4 Kb8
16.Ne4 Qc7 17.Ng5 Nb6 18.Qb3 Nxc4 19.Qxc4 Bd6 20.Kb1 Nd5 21.e4 Nb6 22.Qc1 Qe7
23.f4 Bc7 24.Be3 f5 25.Qc2 Rh4 26.Nf3 Rh6 27.Ne5 Bxe5 28.dxe5 Rxd1+ 29.Rxd1 Rxh3
30.Bc5 Qh4 31.Qd2 Nc4 32.Qd7 Rh1 33.Bd6+ Nxd6 34.Qxd6+ Kc8 35.Qd7+ Kb8 36.Qd6+ Kc8
37.Qxe6+ Kc7 38.Qd6+ Kb6 39.Qd4+ Kc7 40.e6 Rxd1+ 41.Qxd1 Qe7 42.exf5 gxf5
43.gxf5 b6 44.Qd4 Kb7 45.Kc2 Kc8 46.Kd3 Kb7 47.Ke4 Kc8 48.Kf3 Qh4 49.Qxg7 Qh3+
50.Ke4  1-0

[Event "1st Masters"]
[Site "Villeurbanne FRA"]
[Date "2002.09.26"]
[Round "6"]
[White "Mensch,E"]
[Black "Ravot,S"]
[Result "0-1"]
[WhiteElo "2353"]
[BlackElo "2198"]

1.Nf3 d5 2.c4 c6 3.e3 Nf6 4.Qc2 g6 5.d4 Na6 6.a3 Bf5 7.Bd3 Bxd3 8.Qxd3 dxc4
9.Qxc4 Qd5 10.Qe2 Ne4 11.Nc3 Nxc3 12.bxc3 Bg7 13.Rb1 Qd7 14.O-O O-O 15.c4 b6
16.Rd1 e6 17.e4 Qe7 18.Bg5 f6 19.Be3 e5 20.d5 c5 21.Bd2 Rfd8 22.Bc3 Qd6 23.Re1 Rab8
24.h4 Qd7 25.Qc2 Nc7 26.a4 a6 27.Rb2 b5 28.cxb5 axb5 29.Ba5 bxa4 30.Rxb8 Rxb8
31.Bxc7 Qxc7 32.Qxa4 Bf8 33.Rc1 Qb7 34.Rd1 Qb3 35.Qa1 Qc2 36.Qc1 Qxe4 37.Qd2 Bd6
38.h5 Rb1 39.h6 Rxd1+ 40.Qxd1 Qf4 41.Qa1 Qxh6 42.Qa6 Qc1+ 43.Kh2 Qf4+ 44.Kg1 e4
45.Qc8+ Bf8 46.Qe6+ Kh8 47.Nd2 Qxd2 48.Qxf6+ Kg8 49.Qe6+ Kg7 50.Qe5+ Kh6
51.Qh2+ Kg5 52.Qe5+ Kg4 53.Qe6+ Kh5 54.Qxe4 Bd6 55.g3 Qd1+ 56.Kg2 Qd4 57.Qe6 Bf8
58.Qf7 Qe4+ 59.Kg1 Qe7 60.Qf4 g5 61.Qf3+ Kh6 62.Qd3 Qd6 63.Qe4 Bg7 64.Qh1+ Kg6
65.Qe4+ Kf6 66.Qf3+ Ke7 67.Qe4+ Qe5 68.Qxh7 Kd6 69.Qg6+ Bf6 70.Qf7 c4 71.Qb7 Qxd5
72.Qb4+ Kc6 73.Qa4+ Kb6 74.Qb4+ Qb5 75.Qd6+ Qc6 76.Qb4+ Ka6 77.Qa3+ Kb5 78.Qa2 Qe4
79.Qa7 Bd4 80.Qd7+ Kb4 81.Qd6+ Kb3 82.Kh2 Bxf2 83.Qb8+ Kc2 84.Qb4 Qd3 85.Kg2 Qxg3+
86.Kf1 Qg1+ 87.Ke2 Qe1+  0-1

[Event "Autumn Cup"]
[Site "Bucharest ROM"]
[Date "2002.09.27"]
[Round "3"]
[White "Musat,A"]
[Black "Osman,M"]
[Result "0-1"]
[WhiteElo "2414"]
[BlackElo "2083"]

1.Nf3 d5 2.c4 c6 3.d4 Nf6 4.Nbd2 g6 5.e3 Bg7 6.Bd3 O-O 7.O-O Bf5 8.Bxf5 gxf5
9.b3 a5 10.Ba3 Re8 11.Ne5 Nbd7 12.Nd3 Ne4 13.Rc1 a4 14.cxd5 axb3 15.dxc6 bxc6
16.Nc4 bxa2 17.f3 Nb6 18.Nxb6 Qxb6 19.fxe4 Rxa3 20.exf5 Qb3 21.Qxb3 Rxb3
22.Rfd1 Reb8 23.Rd2 Ra8 24.Rdd1 c5 25.Nxc5 Rxe3 26.Ra1 Rc3 27.Kf1 Rc2 28.Nb3 Rb8
29.Nc1 Rb1 30.Nxa2 Rxd1+ 31.Rxd1 Rxa2 32.d5 Be5 33.Kg1 Kg7 34.h3 Kf6  0-1

[Event "EuYCh B18"]
[Site "Peniscola ESP"]
[Date "2002.09.29"]
[Round "1"]
[White "Saric,A"]
[Black "Buchicchio,G"]
[Result "1-0"]
[WhiteElo "2394"]
[BlackElo "2188"]

1.Nf3 d5 2.c4 c6 3.e3 Nf6 4.d4 a6 5.a4 e6 6.Nc3 Nbd7 7.Bd3 Bb4 8.O-O O-O
9.Bd2 Qe7 10.Qb3 a5 11.Ne2 Bd6 12.Ng3 Bc7 13.Bc3 Nb6 14.Ne5 dxc4 15.Nxc4 Nxc4
16.Bxc4 e5 17.dxe5 Bxe5 18.Bxe5 Qxe5 19.h3 Rb8 20.Qa3 Re8 21.Rfd1 Be6 22.Bxe6 Rxe6
23.Rac1 b6 24.Rc2 Rbe8 25.Ne2 c5 26.Rcd2 Ne4 27.Rd5 Qf6 28.f3 Nd6 29.e4 Nc4
30.Qb3 Ne5 31.f4 Nc6 32.e5 Qh4 33.Qf3 h6 34.Rd6 Nb4 35.Ng3 g6 36.f5 Rxe5
37.fxg6  1-0

[Event "6th Itau Cup"]
[Site "Sao Paulo BRA"]
[Date "2002.09.30"]
[Round "4"]
[White "Soppe,G"]
[Black "Chemin,V"]
[Result "1/2-1/2"]
[WhiteElo "2469"]
[BlackElo "2316"]

1.Nf3 d5 2.c4 c6 3.d4 Nf6 4.e3 e6 5.Bd3 Nbd7 6.O-O Bd6 7.Nbd2 O-O 8.e4 dxe4
9.Nxe4 Nxe4 10.Bxe4 Nf6 11.Bc2 h6 12.Bd2 c5 13.Bc3 b6 14.Qe2 Bb7 15.Rad1 Qe7
16.dxc5 Bxc5 17.a3 Rfd8 18.b4 Bd6 19.Ne5 Rac8 20.Rd4 Qc7  1/2-1/2

[Event "Eu Rapid Ch"]
[Site "Panormo GRE"]
[Date "2002.10.01"]
[Round "9"]
[White "Djuric,S"]
[Black "Popov,Val"]
[Result "1/2-1/2"]
[WhiteElo "2484"]
[BlackElo "2579"]

1.Nf3 d5 2.c4 c6 3.Qc2 Nf6 4.g3 Bg4 5.Ne5 Bh5 6.Bg2 e6 7.b3 Nbd7 8.Nxd7 Qxd7
9.Bb2 Bb4 10.a3 Bg6 11.Qc1 Be7 12.O-O h5 13.h4 d4 14.c5 Be4 15.Bh3 Bf5 16.Bxf5 exf5
17.d3 Qd5 18.b4 Ng4 19.Qf4 Rd8 20.Nd2 O-O 21.Nc4 Rfe8 22.Rfe1  1/2-1/2

[Event "11th Monarch Assurance"]
[Site "Port Erin IOM"]
[Date "2002.10.01"]
[Round "4"]
[White "Peralta,F"]
[Black "Cafolla,P"]
[Result "0-1"]
[WhiteElo "2478"]
[BlackElo "2109"]

1.Nf3 d5 2.c4 d4 3.b4 f6 4.e3 e5 5.c5 a5 6.Bb5+ c6 7.Bc4 dxe3 8.fxe3 Bg4
9.O-O Nh6 10.Qe1 e4 11.Nd4 axb4 12.h3 Bc8 13.Bb2 Bxc5 14.d3 b5 15.Bb3 exd3
16.Nd2 Qe7 17.Qh4 Bd6 18.N2f3 Bd7 19.e4 c5 20.Bd5 Ra7 21.Rae1 cxd4 22.Bxd4 Bc5
23.Qf4 Bxd4+ 24.Nxd4 Qe5 25.Qf2 Rc7 26.Nf3 Qd6 27.e5 Qxd5 28.exf6+ Be6 29.Qg3 Kd8
30.fxg7 Re8 31.Qh4+ Kc8 32.Qxh6 Rce7 33.Re5 Qd7 34.Rfe1 Bg8 35.Qb6 Rxe5 36.Nxe5 d2
37.Rf1 Rxe5  0-1

[Event "11th Monarch Assurance"]
[Site "Port Erin IOM"]
[Date "2002.10.03"]
[Round "6"]
[White "Peralta,F"]
[Black "Hanley,C"]
[Result "1-0"]
[WhiteElo "2478"]
[BlackElo "2331"]

1.Nf3 d5 2.c4 c6 3.e3 Nf6 4.Nc3 g6 5.d4 Bg7 6.Be2 O-O 7.O-O a6 8.a4 a5 9.Qb3 Na6
10.cxd5 cxd5 11.Bd2 Nb4 12.Ne5 Bf5 13.Rfc1 Nd7 14.Nf3 Nb8 15.Na2 Nxa2 16.Rxa2 b6
17.Raa1 Qd6 18.Qa3 Qxa3 19.Rxa3 Rc8 20.Rac3 Rxc3 21.Rxc3 Ra7 22.Bb5 f6 23.Ne1 Bf8
24.Nd3 Kf7 25.Kf1 Bd7 26.Bxd7 Nxd7 27.Nf4 b5 28.Nxd5 bxa4 29.Rc7 Rxc7 30.Nxc7 e5
31.Bxa5 exd4 32.exd4 a3 33.bxa3 Bxa3 34.Nb5 Bb2 35.Ke2 Ke6 36.Kd3 f5 37.Kc2 Ba1
38.Kb1 Kd5 39.Kxa1 Kc4 40.Nc3 Kxd4 41.Kb2 Kd3 42.Bc7 g5 43.Bd8 h6 44.h4 gxh4
45.Bxh4 Ne5 46.Nd5 Ng6 47.Bd8 f4 48.Kc1 Ke2 49.f3 Kf2 50.Kd2 h5 51.Bc7 Kxg2
52.Ke2 Kg3 53.Nxf4 Nxf4+ 54.Ke3  1-0

[Event "ch-ESP Open"]
[Site "Ayamonte ESP"]
[Date "2002.10.05"]
[Round "2"]
[White "Garza Marco,S"]
[Black "Garcia Vicente,N"]
[Result "1/2-1/2"]
[WhiteElo "2413"]
[BlackElo "2241"]

1.Nf3 d5 2.c4 e6 3.g3 dxc4 4.Bg2 Bd6 5.Na3 c6 6.Nxc4 Bc7 7.d4 Nf6 8.Qc2 O-O
9.O-O Na6 10.e4 Nb4 11.Qb3 a5 12.a3 Na6 13.Re1 c5 14.e5 Nd5 15.Bg5 Qd7 16.Ne3 h6
17.Nxd5 exd5 18.Bf4 c4 19.Qe3 Bd8 20.Qe2 Nc7 21.Be3 Qe8 22.Nd2 Be6 23.a4 b5
24.axb5 Qxb5 25.Nb1 Rb8 26.Bc1 Qb6 27.Nc3 Qxd4 28.Rxa5 Qb6 29.Ra1 Be7 30.Rd1 Rfd8
31.Qh5 Bf8 32.Qh4 Qb3 33.Bf3 Ra8 34.Rxa8 Rxa8 35.Kg2 Bb4 36.Nxd5 Nxd5 37.Rxd5 Bxd5
38.Bxd5 Re8 39.Bxc4 Qc2 40.Qf4 Re7 41.b3 Bc5 42.Be3 g5 43.Qf3 Bxe3 44.Qxe3 Qb2
45.Qb6 Qxe5 46.Qxh6 Qe4+ 47.Kg1 Qb1+ 48.Kg2 Qe4+ 49.Kg1 Qb1+ 50.Bf1 Qf5 51.Qd6 Re1
52.Qd8+ Kg7 53.Qd4+ Kg8 54.Qd8+  1/2-1/2

[Event "4th ZNG111 IM"]
[Site "Opatija CRO"]
[Date "2002.10.05"]
[Round "2"]
[White "Rukavina,J"]
[Black "Sitnik,I"]
[Result "1/2-1/2"]
[WhiteElo "2393"]
[BlackElo "2238"]

1.Nf3 d5 2.c4 d4 3.g3 Nc6 4.Bg2 e5 5.d3 Nf6 6.O-O Be7 7.e3 O-O 8.exd4 exd4
9.a3 a5 10.Bg5 Bf5 11.Re1 h6 12.Bxf6 Bxf6 13.Qc2 Re8 14.Nbd2 Qd7 15.c5 a4
16.Nc4 Rxe1+ 17.Rxe1 Re8 18.Rxe8+  1/2-1/2

[Event "EuYCh B18"]
[Site "Peniscola ESP"]
[Date "2002.10.05"]
[Round "6"]
[White "Nyback,T"]
[Black "Smeets,J"]
[Result "1/2-1/2"]
[WhiteElo "2459"]
[BlackElo "2392"]

1.Nf3 d5 2.c4 c6 3.b3 Bg4 4.e3 Nd7 5.Bb2 Ngf6 6.Be2 e6 7.d3 Bd6 8.h3 Bxf3
9.Bxf3 O-O 10.O-O Qe7 11.a3 a5 12.Qc2 Rfe8 13.Nc3 Rad8  1/2-1/2

[Event "11th Monarch Assurance"]
[Site "Port Erin IOM"]
[Date "2002.10.05"]
[Round "8"]
[White "Peralta,F"]
[Black "Orr,M"]
[Result "1/2-1/2"]
[WhiteElo "2478"]
[BlackElo "2332"]

1.Nf3 d5 2.c4 c6 3.e3 Nf6 4.Nc3 a6 5.Be2 Bg4 6.Qb3 Ra7 7.h3 Bxf3 8.Bxf3 e6
9.O-O Nbd7 10.d4 Qb6 11.Qc2 dxc4 12.e4 Qc7 13.Be3 Ra8 14.a4 e5 15.dxe5 Qxe5
16.g3 Bd6 17.Bg2 Qe7 18.f4 Bc5 19.Bxc5 Qxc5+ 20.Kh2 O-O 21.a5 Rfd8 22.Qe2 Nf8
23.e5 Nd5 24.Ne4 Qe7 25.Rfe1 Nc7 26.Qxc4 Nb5 27.Rad1 Rxd1 28.Rxd1 Rd8 29.Rxd8 Qxd8
30.Nc5 Qe7 31.h4 Ne6 32.Ne4 Nec7 33.Qc5 Kf8 34.Nd6 Ne6 35.Qb6 Nxd6 36.exd6 Qxd6
37.Qxb7 c5 38.Qc8+ Ke7 39.Qb7+ Kf6 40.Qe4 Nd4 41.Qxh7 Qc7 42.Qh5 g6 43.Qd5 Kg7
44.b4 Ne6 45.b5 axb5 46.a6 c4 47.Qe5+ Kf8 48.Qxc7 Nxc7 49.a7 f5 50.Bf3 Ke7
51.Kg2 c3 52.Bd1 Kd6 53.Kf3 Kc5 54.g4 fxg4+ 55.Kxg4 Kc4 56.h5 gxh5+ 57.Kxh5 b4
58.f5 b3 59.f6 c2 60.Bxc2 bxc2 61.f7 c1=Q 62.f8=Q Qh1+ 63.Kg4 Qg2+  1/2-1/2

[Event "4th ZNG111 IM"]
[Site "Opatija CRO"]
[Date "2002.10.06"]
[Round "4"]
[White "Rukavina,J"]
[Black "Rezan,S"]
[Result "1/2-1/2"]
[WhiteElo "2393"]
[BlackElo "2414"]

1.Nf3 d5 2.c4 e6 3.g3 Nf6 4.b3 Be7 5.Bg2 O-O 6.O-O b6 7.d4 Bb7 8.Nbd2 c5
9.Bb2 Nc6 10.e3 Rc8 11.Qb1 cxd4 12.Nxd4 Nxd4 13.Bxd4 Qc7  1/2-1/2

[Event "EuYCh G18"]
[Site "Peniscola ESP"]
[Date "2002.10.06"]
[Round "7"]
[White "Pahor,A"]
[Black "Gutierrez Castillo,P"]
[Result "0-1"]
[WhiteElo "2036"]
[BlackElo "2088"]

1.Nf3 d5 2.c4 e6 3.g3 dxc4 4.Qa4+ Nd7 5.Qxc4 a6 6.Qc2 b5 7.a4 Bb7 8.axb5 axb5
9.Rxa8 Bxa8 10.Bg2 Ngf6 11.O-O c5 12.d3 Be7 13.Nbd2 O-O 14.Nb3 Nd5 15.Bd2 f5
16.e4 fxe4 17.dxe4 N5b6 18.h4 h6 19.Bf4 Nc4 20.Rd1 Qe8 21.Qe2 Nf6 22.Nh2 Qg6
23.Re1 Nh5 24.Bc1 Nxg3 25.fxg3 Qxg3 26.Nd2 Nxd2 27.Bxd2 Bxh4 28.Rf1 Rxf1+
29.Nxf1 Qg6 30.Qd3 c4 31.Qf3 Be7 32.Ng3 b4 33.Ne2 e5 34.Ng3 Bc5+ 35.Kf1 Qd6
36.Ke2 Bc6 37.Nf5 Qg6 38.Be3 Bf8 39.Bd2 Bb5 40.Ke1 Qa6 41.Qd1 Qg6 42.Qf3 Qa6
43.Qd1 Kh7 44.Ne3 Be7 45.Nf5 Bf6 46.Bxb4 Qb6 47.Qf3 Qg1+ 48.Bf1 g6 49.Ne3 Ba4
50.Nxc4 Bh4+ 51.Ke2 Qd4 52.Qf7+ Kh8 53.Bc3 Bd1+  0-1

[Event "Autumn III"]
[Site "Alushta UKR"]
[Date "2002.10.07"]
[Round "13"]
[White "Shtyrenkov,V"]
[Black "Kayumov,S"]
[Result "1/2-1/2"]
[WhiteElo "2457"]
[BlackElo "2267"]

1.Nf3 d5 2.c4 e6 3.d4 Nf6 4.Nc3 Be7 5.Bg5 O-O 6.e3 Nbd7 7.Rc1 dxc4 8.Bxc4 a6
9.Ne5 Nxe5 10.dxe5 Nd7 11.Bxe7 Qxe7 12.f4 Nxe5 13.Be2 Rd8 14.Qc2 Nc6 15.O-O Nb4
16.Qb3 Nd5 17.Bf3 Nxc3 18.Qxc3 c6 19.Qa5 e5 20.fxe5 Re8 21.Rc5 Be6 22.a4 Rad8
23.Qc3 Rd7 24.b4 Red8 25.b5 Rd3 26.Qc1 axb5 27.axb5 cxb5 28.Rxb5 Qg5 29.Bxb7 Qxe3+
30.Qxe3 Rxe3 31.Ra1 h5 32.Ra8 Rxa8 33.Bxa8 g5 34.Kf2 Ra3 35.Bd5 Kg7 36.Bxe6 fxe6
37.Rb6 Kf7 38.h4 g4 39.Rb7+ Kg6 40.Re7 Kf5 41.Rh7 Kxe5 42.Rxh5+ Kf4 43.Rb5 Ra2+
44.Kf1 Kg3 45.Rb3+ Kxh4 46.Re3 Ra1+ 47.Ke2 e5 48.Rb3 Ra2+ 49.Kf1 g3 50.Re3 Rf2+
51.Ke1 Rf5 52.Re4+ Kg5 53.Re3 Kf4 54.Rf3+ Kg4 55.Rxf5 Kxf5 56.Kf1 Kf4 57.Ke2 Ke4
58.Kd2 Kd4 59.Ke2 e4 60.Kd2 e3+ 61.Ke2 Ke4 62.Ke1 Kd3 63.Kd1 e2+ 64.Ke1 Ke3  1/2-1/2

[Event "4th ZNG111 IM"]
[Site "Opatija CRO"]
[Date "2002.10.09"]
[Round "7"]
[White "Rukavina,J"]
[Black "Topalovic,Z"]
[Result "1/2-1/2"]
[WhiteElo "2393"]
[BlackElo "2272"]

1.Nf3 d5 2.c4 c6 3.e3 e6 4.d4 f5 5.Nc3 Nf6 6.Bd3 Bd6 7.O-O O-O 8.b3 Bd7 9.a4 Qe7
10.Bb2 Be8 11.Ne2 Bh5 12.Nf4 Bxf3 13.Qxf3 Nbd7  1/2-1/2

[Event "TCh-AUT B"]
[Site "Mitte AUT"]
[Date "2002.10.11"]
[Round "1"]
[White "Pilaj,H"]
[Black "Reschun,S"]
[Result "1-0"]
[WhiteElo "2360"]
[BlackElo "2280"]

1.Nf3 d5 2.c4 e6 3.d4 Nf6 4.Nc3 c6 5.Bg5 Nbd7 6.cxd5 exd5 7.e3 h6 8.Bh4 Be7
9.Qc2 O-O 10.Bd3 Re8 11.O-O Ne4 12.Bxe4 dxe4 13.Qxe4 Bxh4 14.Qxh4 Qb6 15.b3 Qa5
16.Rfc1 Re6 17.Na4 b6 18.Qd8+ Nf8 19.Ne5 c5 20.Qd5 Rb8 21.Nc6 Rxc6 22.Qxc6 Bd7
23.Qd6 Re8 24.dxc5 Re6 25.Qd4 Rg6 26.Kh1 Bc6 27.f3 Ne6 28.Qc3 Qa6 29.cxb6 Rxg2
30.Kxg2 Qe2+ 31.Kg1 Bxf3 32.Rc2 Qb5 33.h4 axb6 34.Rf1 Be4 35.Rcf2 Qh5 36.Rf4 Nxf4
37.Rxf4 Qd1+ 38.Kf2 Qh1 39.Qc8+ Kh7 40.Qg4 Qh2+ 41.Ke1 Bd3  1-0

[Event "1st Yemen Open"]
[Site "Sanaa YEM"]
[Date "2002.10.12"]
[Round "7"]
[White "Osman,G"]
[Black "Mohammed,A2"]
[Result "1/2-1/2"]
[WhiteElo "2185"]
[BlackElo "2275"]

1.Nf3 d5 2.c4 c6 3.Qc2 e6 4.g3 Nf6 5.Bg2 Nbd7 6.b3 Bc5 7.Bb2 O-O 8.O-O Re8
9.d4 Bd6 10.Nbd2 Nf8 11.e4 dxe4 12.Nxe4 Nxe4 13.Qxe4 Ng6 14.Rfe1 Bd7 15.h4 h6
16.h5 Nf8 17.a4 Nh7 18.Qe2 Qa5 19.c5 Bb8 20.Nd2 Qd8 21.b4 a6 22.Nc4 Bc7 23.a5 Nf6
24.Bc3 Nd5 25.Bd2 Qf6 26.Ne5 Rad8 27.Be4 Qe7 28.Bc2 f5 29.Ra3 Bxe5 30.dxe5 Rf8
31.Rd3 Be8 32.Kg2 Qf7 33.Rh1 f4 34.Rh4 Qe7 35.Qe4 Rf5 36.Bxf4 g5 37.hxg6 Bxg6
38.Rxh6 Nxf4+ 39.Qxf4 Rxf4 40.Rxg6+ Kf7 41.gxf4 Rxd3 42.Bxd3 Qd8 43.Rf6+ Kg7
44.Bc4 Qd4 45.Bxe6 Qxb4 46.Rf7+ Kh6 47.Kg3 Qb1 48.Rf6+ Kg7 49.Rf7+ Kh6 50.Rf6+ Kg7
51.Rf7+ Kh8 52.Rf8+ Kg7  1/2-1/2

[Event "Guernsey Open"]
[Site "Les Dicqs GCI"]
[Date "2002.10.25"]
[Round "6"]
[White "Webster,A"]
[Black "Bellin,R"]
[Result "0-1"]
[WhiteElo "2415"]
[BlackElo "2360"]

1.Nf3 d5 2.c4 c6 3.d4 e6 4.Nc3 dxc4 5.e3 b5 6.a4 Bb4 7.Bd2 a5 8.axb5 Bxc3
9.Bxc3 cxb5 10.b3 Bb7 11.bxc4 b4 12.Bb2 Nf6 13.Bd3 O-O 14.O-O Nbd7 15.Re1 Qc7
16.c5 Rfe8 17.Nd2 a4 18.Nc4 Bc6 19.Bc2 b3 20.Bd3 Nd5 21.e4 Nf4 22.Bb1 f5
23.Nd6 Rf8 24.exf5 Nxg2 25.fxe6 Nxe1 26.Qxe1 Nf6 27.e7 Rf7 28.Nxf7 Kxf7 29.Bf5 Qxe7
30.Qd2 Qd8 31.Re1 Kf8 32.Be6 a3 33.Bc3 Bd5 34.c6 Bxe6 35.Rxe6 Qd5 36.Rd6 b2
37.Qe1 Re8 38.Rxd5 Rxe1+ 39.Bxe1 Nxd5  0-1

[Event "10th Chigorin Mem B"]
[Site "St Petersburg RUS"]
[Date "2002.10.25"]
[Round "1"]
[White "Lependin,A"]
[Black "Nazarov,N"]
[Result "1/2-1/2"]
[WhiteElo "2369"]
[BlackElo "2219"]

1.Nf3 d5 2.c4 e6 3.g3 c6 4.Bg2 Bd6 5.O-O f5 6.d3 Nf6 7.Nc3 O-O 8.e4 fxe4
9.dxe4 Bb4 10.exd5 exd5 11.cxd5 Bxc3 12.bxc3 Qxd5 13.Nd4 Qf7 14.Qb3 Na6 15.Ba3 Qxb3
16.axb3 Re8 17.c4 Bd7 18.b4 Rac8 19.b5 Nb8 20.Bd6 cxb5 21.cxb5 Rc4 22.Rfd1 a6
23.bxa6 bxa6 24.Bf1 Rc3 25.Rdc1 Rxc1 26.Rxc1 g6 27.f3 a5 28.Kf2 a4 29.Rc7 a3
30.Bc4+ Kg7 31.Bxa3 Rc8 32.Ne6+ Kf7 33.Ng5+ Ke8 34.Bf7+ Kd8 35.Rxc8+ Bxc8
36.Ne6+ Kd7 37.Nf8+ Kc6 38.g4 Nbd7 39.Nxd7 Kxd7 40.g5 Nh5 41.Ke3 Ng7 42.f4 Kd8
43.Ke4 Be6 44.Bxe6 Nxe6 45.Ke5 Ng7 46.Bf8 Nh5 47.Bd6 Ke8 48.Kd5 Ng7 49.Be5 Nf5
50.Bd4 Kf7 51.Bf2 Ne7+ 52.Ke5 Nc6+ 53.Kd6 Ne7 54.h4 Nf5+ 55.Ke5 Ne7 56.Be1 Nc6+
57.Kd6 Ne7 58.Ke5 Nc6+ 59.Kd6 Ne7 60.h5 Nf5+ 61.Ke5 Ne7 62.hxg6+ hxg6  1/2-1/2

[Event "10th Chigorin Mem"]
[Site "St Petersburg RUS"]
[Date "2002.10.26"]
[Round "2"]
[White "Makarov,M"]
[Black "Asanov,Ti"]
[Result "1/2-1/2"]
[WhiteElo "2513"]
[BlackElo "2427"]

1.Nf3 d5 2.c4 c6 3.e3 Nf6 4.Nc3 a6 5.Qc2 b5 6.b3 g6 7.Bb2 Bf5 8.Bd3 Bxd3
9.Qxd3 Bg7 10.cxd5 Nxd5 11.Nd1 Bxb2 12.Nxb2 O-O 13.O-O Nd7 14.Rfc1 e6 15.e4 Nf4
16.Qe3 Qf6 17.d4 e5 18.Nd3 Nxd3 19.Qxd3 exd4 20.Qxd4 Qxd4 21.Nxd4 Rfe8  1/2-1/2

[Event "10th Chigorin Mem"]
[Site "St Petersburg RUS"]
[Date "2002.10.26"]
[Round "2"]
[White "Terentiev,V"]
[Black "Pridorozhni,A"]
[Result "1/2-1/2"]
[WhiteElo "2397"]
[BlackElo "2475"]

1.Nf3 d5 2.c4 c6 3.e3 Nf6 4.Nc3 e6 5.b3 Nbd7 6.Qc2 Bd6 7.Bb2 O-O 8.Be2 a6
9.d4 b5 10.O-O bxc4 11.bxc4 dxc4 12.Bxc4 Qe7 13.Rad1 c5 14.Ne4 Nxe4 15.Qxe4 Rb8
16.dxc5 Bxc5 17.Ba1 Rb4 18.Qd3 Rb6 19.Qc3 f6 20.Nd4 Ne5 21.Bb3 Kh8 22.Rc1 Nd7
23.Rfd1 Bb7 24.Nxe6 Rxe6 25.Bxe6 Qxe6 26.Rxd7 Qxd7 27.Qxc5 Rc8 28.Qa3 Rxc1+
29.Qxc1 Qd5 30.f3 Qxa2 31.Bd4 h6 32.Qb2 Qd5 33.e4 Qd7 34.h3 a5 35.e5 fxe5
36.Bxe5 a4 37.Qb4 Kg8 38.Bd6 Bd5 39.Kh2 Qe6 40.Qc5 Bb7 41.Qc7 Ba6 42.Qb8+ Bc8
43.Qc7 Bd7 44.Qb8+ Kf7 45.Qf8+ Kg6  1/2-1/2

[Event "2nd Rohde Open"]
[Site "Sautron FRA"]
[Date "2002.10.27"]
[Round "2"]
[White "Andonov,B"]
[Black "Karpatchev,A"]
[Result "1/2-1/2"]
[WhiteElo "2348"]
[BlackElo "2489"]

1.Nf3 d5 2.c4 dxc4 3.Qa4+ Nc6 4.Ne5 Bd7 5.Nxd7 Qxd7 6.Qxc4 e5 7.e3 Bd6 8.a3 Nge7
9.b4 O-O 10.Nc3 a5 11.b5 Nd8 12.Ne4 Ne6 13.g4 Nc8 14.h4 Nb6 15.Qc2 Be7 16.g5 Rfd8
17.Rg1 a4 18.Nf6+ Bxf6 19.gxf6 g6 20.Bb2 Qd6 21.h5 Nf8 22.hxg6 hxg6 23.O-O-O c6
24.bxc6 Rac8 25.Kb1 Rxc6 26.Qe4 Qxf6 27.Qxe5 Qxe5 28.Bxe5 Nc4 29.Bxc4 Rxc4
30.Bf6 Rd6 31.Bc3 Nd7 32.Rh1 f6 33.Bb4 Rd3 34.Rc1 Rb3+ 35.Ka2 Nb6 36.Rxc4 Nxc4
37.Rh4 b5 38.Rd4 Kf7 39.Rd5 Ke6 40.Rxb5 Nxd2 41.Ra5 Nc4 42.Ra6+ Ke5 43.Rc6 Nb2
44.Bc3+ Kd5 45.Rxf6 Rxc3 46.Kxb2 Rb3+ 47.Ka2 Rd3 48.Kb2 Rb3+ 49.Kc1 Rxa3
50.Rxg6 Ra2 51.f4 Re2 52.Rg5+ Kc4 53.Re5 a3 54.Kb1 Kb3 55.Rb5+  1/2-1/2

[Event "10th Chigorin Mem"]
[Site "St Petersburg RUS"]
[Date "2002.10.27"]
[Round "3"]
[White "Lysyj,I"]
[Black "Ovsejevitsch,S"]
[Result "0-1"]
[WhiteElo "2417"]
[BlackElo "2508"]

1.Nf3 d5 2.c4 d4 3.b4 g6 4.Bb2 Bg7 5.e3 e5 6.exd4 exd4 7.Bd3 Ne7 8.O-O O-O
9.Re1 c5 10.a3 a5 11.b5 Nd7 12.Bf1 h6 13.d3 g5 14.Nfd2 f5 15.a4 Ng6 16.Nb3 b6
17.Na3 Nde5 18.Nc2 Bb7 19.Bc1 Qd7 20.Bd2 g4 21.Bxa5 Rxa5 22.Nxa5 bxa5 23.Qd2 Qd6
24.Reb1 f4 25.Qxa5 g3 26.Qd2 gxf2+ 27.Kh1 Ng4 28.Qd1 N6e5 29.a5 Qf6  0-1

[Event "10th Chigorin Mem"]
[Site "St Petersburg RUS"]
[Date "2002.10.28"]
[Round "4"]
[White "Makarov,M"]
[Black "Doroshkievich,V"]
[Result "1-0"]
[WhiteElo "2513"]
[BlackElo "2412"]

1.Nf3 d5 2.c4 e6 3.g3 c6 4.b3 Be7 5.Bb2 Bf6 6.Qc2 Nd7 7.Bg2 b5 8.d4 bxc4
9.bxc4 Ne7 10.O-O O-O 11.Nbd2 Ba6 12.e4 g6 13.Qa4 Qc8 14.Rfc1 dxc4 15.Qa3 Rb8
16.Nxc4 Bxc4 17.Rxc4 Qb7 18.Bc3 Nb6 19.Rb4 Nec8 20.Rb3 Rd8 21.Qc1 Bg7 22.a4 Qc7
23.Bd2 Nd6 24.Bf4 Nd7 25.Rxb8 Rxb8 26.Qa3 Bf8 27.Rc1 Rc8 28.Qa2 Qa5 29.Bd2 Qd8
30.Re1 c5 31.e5 Nf5 32.d5 exd5 33.Qxd5 Nb6 34.Qe4 Nd4 35.Be3 Ne6 36.a5 Nd5
37.Rd1 Nd4 38.Bxd4 Nc3 39.Bxc3 Qxd1+ 40.Bf1 Rb8 41.e6 Re8 42.exf7+  1-0

[Event "Olympiad w"]
[Site "Bled SLO"]
[Date "2002.10.29"]
[Round "4"]
[White "Tetenkina,I"]
[Black "Skripchenko,A"]
[Result "0-1"]
[WhiteElo "2251"]
[BlackElo "2497"]

1.Nf3 d5 2.c4 dxc4 3.e4 c5 4.Bxc4 Nc6 5.Nc3 a6 6.a4 e6 7.O-O Nf6 8.Re1 Be7
9.e5 Nd7 10.d3 b6 11.Bf4 Bb7 12.Ne4 O-O 13.Nd6 Bxd6 14.exd6 e5 15.Bg5 Qb8
16.Be7 Nxe7 17.dxe7 Re8 18.Ng5 Rxe7 19.Nxf7 Rxf7 20.Qh5 Qf8 21.Re3 g6 22.Qg4 Qd6
23.Bxf7+ Kxf7 24.Rae1 Qd4 25.Qh3 Kg7 26.Qe6 Rf8 27.h4 Rf6 28.Qe7+ Rf7 29.Qg5 h6
30.Qd8 Qxb2 31.R1e2 Qa1+ 32.Kh2 Qxa4 33.h5 g5 34.Rg3 Qh4+ 35.Rh3 Qg4 36.f3 Qf4+
37.Kg1 a5 38.Qc7 Ba6 39.Qd6 Qd4+  0-1